[Event "3rd Open"]
[Site "La Fere FRA"]
[Date "2004.07.08"]
[Round "8"]
[White "Visser,HJ"]
[Black "Laval,B"]
[Result "1-0"]
[WhiteElo "2243"]
[BlackElo "2106"]

1.d4 g6 2.c4 Bg7 3.e4 d6 4.Nc3 Nf6 5.Nf3 O-O 6.Be2 e5 7.O-O Nc6 8.d5 Ne7
9.b4 Nd7 10.Re1 h6 11.a4 f5 12.a5 Rf7 13.Ba3 Nf6 14.Nd2 f4 15.c5 g5 16.f3 h5
17.Nc4 Ng6 18.b5 Bf8 19.Na4 g4 20.b6 gxf3 21.Bxf3 Ng4 22.h3 Qh4 23.Rf1 axb6
24.cxb6 Bd7 25.Bc1 Rc8 26.Bd2 c6 27.a6 cxd5 28.axb7 dxc4 29.bxc8=Q Bxc8 30.Qe1 Qg5
31.Bb4 Ne3 32.Kh1 Nh4 33.Ra2 Nxf1 34.Qxf1 Bb7 35.Nc3 Qd8 36.Bxh5 Rg7 37.Qxc4+ Kh8
38.Nd5 Qg5 39.Bg4 f3 40.g3 Ng6 41.Bd2 Qd8 42.Be3 Be7 43.Ra7 Bh4 44.Bf2 Bg5
45.Rxb7 Rxb7 46.Qc8 Rb8 47.Qxd8+ Bxd8 48.Bd7 Ne7 49.Nxe7 Bxe7 50.Bc6 Bd8
51.b7 Bc7 52.g4 Rf8 53.Kh2 Kg7 54.Kg3 Bb8 55.Bd5 Rf6 56.Be3 Kh7 57.Kf2 Kg7
58.h4 Rf8 59.Kg3 Rf6 60.h5 Bc7 61.Bf2 Rf8 62.Kh4 Bb8 63.Kg5 Bc7 64.h6+ Kh7
65.Kh5 Bb8 66.g5 Kh8 67.g6 Rd8 68.Bh4  1-0

[Event "Skanska Cup"]
[Site "Olomouc CZE"]
[Date "2004.07.08"]
[Round "7"]
[White "Slaby,J"]
[Black "Balabaev,T"]
[Result "1-0"]
[WhiteElo "2391"]
[BlackElo "2454"]

1.Nf3 Nf6 2.c4 g6 3.Nc3 Bg7 4.e4 d6 5.d4 O-O 6.Be2 e5 7.O-O Nc6 8.d5 Ne7
9.Ne1 Nd7 10.Be3 f5 11.f3 f4 12.Bf2 g5 13.a4 a5 14.Nb5 b6 15.b4 axb4 16.Nd3 Nc5
17.Nxb4 Nb7 18.Nc6 Nxc6 19.dxc6 Nc5 20.a5 Ra6 21.axb6 Rxb6 22.Ra7 Kh8 23.Rxc7 Re8
24.Qxd6 Bf8 25.Qxd8 Rxd8 26.Ra1 Ra6 27.Rxa6 Bxa6 28.Rf7 Ne6 29.Rd7 Ra8 30.Ra7 Rxa7
31.Bxa7 Bc5+ 32.Bxc5 Nxc5 33.Nd6 Ne6 34.Nf7+ Kg7 35.Nxe5 Kf6 36.Nd3 Nd4 37.Nb4 Nxe2+
38.Kf2 Nd4 39.Nxa6 Nxc6 40.Ke2 h5 41.h3 Ne5 42.c5 Ke7 43.Nb4 Ng6 44.Kd3 Nh4
45.c6 Nxg2 46.c7 Kd7 47.Nd5 Ne1+ 48.Ke2 Nc2 49.e5 Nd4+ 50.Kd3 Ne6 51.Ke4 Ng7
52.h4 g4 53.Kxf4 Ne6+ 54.Ke3 Ng7 55.Kf2 Kc8 56.f4 Kd7 57.Kg2 Nf5  1-0

[Event "TCh-GRE"]
[Site "Aghia Pelagia GRE"]
[Date "2004.07.09"]
[Round "7"]
[White "Chuchelov,V"]
[Black "Moutousis,K"]
[Result "1-0"]
[WhiteElo "2574"]
[BlackElo "2448"]

1.Nf3 Nf6 2.c4 g6 3.Nc3 Bg7 4.e4 d6 5.d4 O-O 6.Be2 e5 7.O-O Nc6 8.d5 Ne7
9.Nd2 Nd7 10.b4 f5 11.c5 Nf6 12.f3 h5 13.Nc4 f4 14.Ba3 g5 15.b5 Ne8 16.b6 axb6
17.cxb6 cxb6 18.Qb3 g4 19.Rfb1 Ng6 20.Nxb6 Qh4 21.Nxc8 Rxc8 22.Rc1 Nf6 23.Nb5 Rxc1+
24.Rxc1 gxf3 25.Bxf3 Ng4 26.Bxg4 hxg4 27.Bxd6 f3 28.Bxf8 Nf4 29.d6+ Kh7 30.Qf7 Ne2+
31.Kf1 Ng3+ 32.Ke1 Nh5+ 33.Kd1 Qxh2 34.Qf5+ Kg8 35.Bxg7 Qg1+ 36.Kc2 Qc5+
37.Nc3 Nxg7 38.Qxg4  1-0

[Event "GP CG de l'Heralt"]
[Site "Montpellier FRA"]
[Date "2004.07.10"]
[Round "6"]
[White "Bauer,Ch"]
[Black "Libiszewski,F"]
[Result "1/2-1/2"]
[WhiteElo "2590"]
[BlackElo "2425"]

1.d4 Nf6 2.c4 g6 3.Nc3 Bg7 4.e4 d6 5.Nf3 O-O 6.Be2 e5 7.O-O Nc6 8.d5 Ne7
9.Nh4 Ne8 10.g3 f5 11.exf5 Nxf5 12.Nf3 Nf6 13.Bd3 h6 14.a4 g5 15.Ra3 a6 16.Ne4 g4
17.Ne1 Nd4 18.Be3 c5 19.dxc6 bxc6 20.Bxd4 exd4 21.Nc2 c5 22.b4 Rb8 23.bxc5 Nxe4
24.Bxe4 dxc5 25.Ne1 Be6 26.Nd3 Qg5 27.Qc1 Bf6 28.Qxg5+ Bxg5 29.Nxc5 Bxc4
30.Bd3 Bxd3 31.Rxd3 Rb4 32.Rfd1 Rf5  1/2-1/2

[Event "ch-BEL"]
[Site "Westerlo BEL"]
[Date "2004.07.10"]
[Round "8"]
[White "Van der Stricht,G"]
[Black "Meessen,R"]
[Result "1-0"]
[WhiteElo "2422"]
[BlackElo "2293"]

1.d4 Nf6 2.c4 g6 3.Nc3 Bg7 4.e4 d6 5.Nf3 O-O 6.Be2 e5 7.O-O Nc6 8.d5 Ne7
9.b4 Nh5 10.Re1 Nf4 11.Bf1 a5 12.bxa5 Rxa5 13.Nd2 c5 14.a4 Ra6 15.Ra3 h6
16.Nb3 g5 17.a5 f5 18.g3 Nfg6 19.exf5 Nxf5 20.Na4 Nd4 21.Nxd4 exd4 22.Nb6 Bf5
23.h3 Qf6 24.Qe2 h5 25.f3 d3 26.Qf2 Qd8 27.Kh1 Ne5 28.Bb2 g4 29.Bxe5 dxe5
30.Qxc5 gxf3 31.Bxd3 Bxh3 32.Ra2 h4 33.Rh2 e4 34.Rxe4 hxg3 35.Rxh3 g2+ 36.Kh2 Rxa5
37.Qxa5 f2 38.Kxg2 Qg5+ 39.Rg3 Qc1 40.Bf1 Qc2 41.Rxg7+ Kxg7 42.Qa1+ Rf6 43.Rf4 Qg6+
44.Kxf2 Qg4 45.Qxf6+ Kh7 46.Bd3+  1-0

[Event "Skanska Cup"]
[Site "Olomouc CZE"]
[Date "2004.07.12"]
[Round "11"]
[White "Babula,V"]
[Black "Balabaev,T"]
[Result "1-0"]
[WhiteElo "2569"]
[BlackElo "2454"]

1.d4 Nf6 2.c4 g6 3.Nc3 Bg7 4.e4 d6 5.Nf3 O-O 6.Be2 e5 7.O-O Nc6 8.d5 Ne7
9.b4 a5 10.Ba3 axb4 11.Bxb4 Nd7 12.a4 Bh6 13.Nd2 f5 14.Bd3 Kh8 15.a5 Ng8
16.Qc2 Ndf6 17.c5 Bxd2 18.Qxd2 fxe4 19.Bxe4 Nxe4 20.Nxe4 Bf5 21.Nc3 Nf6 22.f4 e4
23.cxd6 cxd6 24.Nb5 Ra6 25.Rac1 Rf7 26.Rc4 Kg8 27.Rfc1 Ne8 28.Qd4 h6 29.Bc3 Rh7
30.Qe3 Ra8 31.Bb4 Rd7 32.Qd4 Rf7 33.Bc3 Rh7 34.Be1 Rf7 35.Qe3 Qd7 36.Qb3 Qd8
37.Nd4 Qd7 38.Nc2 Rc8 39.Ne3 Rxc4 40.Rxc4 Re7 41.Qd1 Qb5 42.g4 Bd7 43.Bc3 Ng7
44.Qc2 Kf7 45.Rxe4 Rxe4 46.Qxe4 Qc5 47.Bxg7 Qc1+  1-0

[Event "Aegean Open"]
[Site "Agios Kirykos GRE"]
[Date "2004.07.13"]
[Round "1"]
[White "Kefalis,H"]
[Black "Zakarian,D"]
[Result "1/2-1/2"]
[WhiteElo "2081"]
[BlackElo "2328"]

1.d4 Nf6 2.c4 g6 3.Nc3 Bg7 4.e4 d6 5.Be2 O-O 6.Nf3 e5 7.O-O Nc6 8.d5 Ne7
9.Ne1 Nd7 10.Nd3 f5 11.exf5 gxf5 12.f4 e4 13.Nf2 Nc5 14.Be3 Ng6 15.Rc1 a5
16.g3 Qe7 17.Re1 Bd7 18.Qd2 Rae8 19.Nb5 Bxb5 20.cxb5 b6 21.Bc4 Bf6 22.Nd1 Qg7
23.Kh1 Qh6 24.Bd4 Ne5 25.Bxe5 Bxe5 26.Ne3 Bg7 27.Rc2 Qf6 28.Qd1 Re7 29.b3 Nd3
30.Bxd3 exd3 31.Qxd3 Rfe8 32.Rc4 Qb2 33.Re2 Qa1+ 34.Kg2 Bb2 35.Rcc2 Bd4 36.Nf1 Re4
37.Rxe4 Rxe4 38.Re2 Qc3 39.Qd1 Qc5 40.Rxe4 fxe4 41.Qg4+ Kh8  1/2-1/2

[Event "Open"]
[Site "Condom FRA"]
[Date "2004.07.15"]
[Round "7"]
[White "Verduyn,F"]
[Black "Sofronie,I"]
[Result "1/2-1/2"]
[WhiteElo "2302"]
[BlackElo "2436"]

1.Nf3 Nf6 2.c4 g6 3.Nc3 Bg7 4.e4 d6 5.d4 O-O 6.Be2 e5 7.O-O Nc6 8.d5 Ne7
9.b4 Nh5 10.Re1 f5 11.Ng5 Nf6 12.Bf3 c6 13.Be3 cxd5 14.cxd5 h6 15.Ne6 Bxe6
16.dxe6 fxe4 17.Nxe4 Nxe4 18.Bxe4 d5 19.Bc2 b6 20.Qg4 e4 21.Rad1 Qc7 22.Bb3 Rf5
23.Rd2 Kh7 24.Red1 Qc6 25.Rc2 Qxe6 26.Rc7 Qd6 27.Rb7 Qxb4 28.Qh4 g5 29.Qg3 d4
30.Bd2 Qc5 31.Rc1 Qe5 32.Qxe5 Rxe5 33.Rcc7 Bf6 34.Bb4 e3 35.fxe3 dxe3 36.Bxe7 e2
37.Bc2+ Kg8 38.Bb3+ Kh7 39.Bb4+ Kg6 40.Bc2+ Kh5 41.Be1 Rd5 42.h3 g4 43.hxg4+ Kxg4
44.Rc4+ Bd4+ 45.Rxd4+ Rxd4  1/2-1/2

[Event "Open"]
[Site "Condom FRA"]
[Date "2004.07.15"]
[Round "7"]
[White "Pham Minh Hoang"]
[Black "Decoster,F"]
[Result "1-0"]
[WhiteElo "2446"]
[BlackElo "2123"]

1.d4 Nf6 2.c4 g6 3.Nc3 Bg7 4.e4 d6 5.Nf3 O-O 6.Be2 e5 7.O-O Nc6 8.d5 Ne7
9.b4 Nh5 10.Re1 Nf4 11.Bf1 a5 12.bxa5 Rxa5 13.a4 c5 14.Ra3 Ra6 15.Nb5 h6
16.g3 Nh3+ 17.Bxh3 Bxh3 18.Nxe5 dxe5 19.g4 Nxd5 20.cxd5 Qh4 21.Rg3 f5 22.gxf5 gxf5
23.Qb3 Bg4 24.d6+ Kh8 25.h3 Bh5 26.exf5 Rxf5 27.Bxh6 Rf7 28.Bxg7+ Rxg7 29.Rxg7 Kxg7
30.Rxe5 Rxa4 31.Qg3+ Qxg3+ 32.fxg3 Ra1+ 33.Kf2 Bf7 34.Rxc5 Be6 35.h4 Kf6
36.Nd4 Ra6 37.Nxe6 Kxe6 38.Rb5 b6 39.Kf3 Kxd6 40.g4 Ke6 41.g5 Kf7 42.Kg4 Kg7
43.h5 Ra4+ 44.Kf5 Ra1 45.h6+ Kh7 46.Rxb6 Rf1+ 47.Ke4 Re1+ 48.Kf4 Rf1+ 49.Ke3 Rg1
50.Rb7+ Kh8 51.Kf4 Rf1+ 52.Kg4  1-0

[Event "Open"]
[Site "Balatonlelle HUN"]
[Date "2004.07.19"]
[Round "1"]
[White "Jedynak,R"]
[Black "Mittermayr,G"]
[Result "1-0"]
[WhiteElo "2412"]
[BlackElo "2145"]

1.d4 Nf6 2.c4 g6 3.Nc3 Bg7 4.e4 d6 5.Nf3 O-O 6.Be2 e5 7.O-O Nc6 8.d5 Ne7
9.b4 Ne8 10.c5 f5 11.Nd2 f4 12.Bg4 Bxg4 13.Qxg4 h5 14.Qe2 Nf6 15.a4 g5 16.f3 Ng6
17.Ba3 Rf7 18.Rac1 Bf8 19.Rc2 g4 20.Rfc1 Rg7 21.cxd6 cxd6 22.Kh1 Rc8 23.Nd1 Rxc2
24.Rxc2 Nh4 25.Qe1 Nxg2 26.Kxg2 gxf3+ 27.Kh1 Rg2 28.Nf2 Ng4 29.Nxf3 Rxh2+
30.Nxh2 Nxh2 31.Qg1+  1-0

[Event "ch-Montenegro"]
[Site "Bijelo Polje SCG"]
[Date "2004.07.20"]
[Round "5"]
[White "Djukanovic,S"]
[Black "Djukic,Ni"]
[Result "0-1"]
[WhiteElo "2347"]
[BlackElo "2450"]

1.d4 Nf6 2.c4 g6 3.Nc3 Bg7 4.e4 d6 5.Nf3 O-O 6.Be2 e5 7.O-O Nc6 8.d5 Ne7
9.b4 a5 10.bxa5 c5 11.a4 Rxa5 12.Nd2 Ra6 13.Nb3 Nd7 14.Bd2 f5 15.f3 Kh8 16.g4 Ng8
17.exf5 gxf5 18.g5 Ne7 19.Kh1 Ng6 20.Rg1 e4 21.Rc1 exf3 22.Bxf3 Nde5 23.Qf1 f4
24.Be4 f3 25.a5 Nf4 26.Rg3 Nh5 27.Rh3 Bxh3 28.Qxh3 Qe8 29.Nb5 Ng6 30.Bxf3 Nhf4
31.Qf1 Qd7 32.Re1 Nh4 33.Be4 Nh3  0-1

[Event "Open"]
[Site "Balatonlelle HUN"]
[Date "2004.07.21"]
[Round "3"]
[White "Csiszar,C"]
[Black "Martini,B"]
[Result "0-1"]
[WhiteElo "2390"]
[BlackElo "2311"]

1.d4 Nf6 2.Nf3 g6 3.c4 Bg7 4.Nc3 O-O 5.e4 d6 6.Be2 e5 7.O-O Nc6 8.d5 Ne7
9.Ne1 Ne8 10.Be3 f5 11.f3 f4 12.Bf2 h5 13.c5 g5 14.Rc1 Rf6 15.Nb5 a6 16.cxd6 cxd6
17.Nc7 Nxc7 18.Bb6 Qf8 19.Rxc7 Rg6 20.Kh1 g4 21.a4 Bf6 22.a5 Qh6 23.Qa4 Kf7
24.Bf2 g3 25.Bg1 gxh2 26.Bxh2 Bh4 27.Qb3 Qg5 28.g4 fxg3 29.Rg1 Bh3 30.Rxe7+ Qxe7
31.f4 exf4 32.e5 Qxe5 33.Bd3 Rgg8 34.Bxg3 fxg3 35.Ng2 Bf6 36.Rf1 Rae8 37.Qxb7+ Re7
38.Qxa6 Bxg2+ 39.Kxg2 Qxb2+  0-1

[Event "MTO"]
[Site "Biel SUI"]
[Date "2004.07.22"]
[Round "4"]
[White "Shariyazdanov,A"]
[Black "Balenovic,Z"]
[Result "1-0"]
[WhiteElo "2572"]
[BlackElo "2227"]

1.Nf3 Nf6 2.c4 g6 3.Nc3 Bg7 4.e4 d6 5.d4 O-O 6.Be2 e5 7.O-O Nc6 8.d5 Ne7
9.Ne1 Nd7 10.Nd3 f5 11.Bd2 Nf6 12.f3 f4 13.c5 g5 14.Rc1 Ng6 15.cxd6 cxd6
16.Nf2 Rf7 17.Qb3 Bf8 18.Nb5 h5 19.h3 Rg7 20.Rc2 a6 21.Nc7 Rxc7 22.Ba5 Ne8
23.Rxc7 Nxc7 24.Rc1 g4 25.Rxc7 Qg5 26.fxg4 hxg4 27.hxg4 Qh4 28.Qd3 Qg3 29.Bf3 Nh4
30.Kf1 b6 31.Bxb6 Rb8 32.Rxc8  1-0

[Event "ACT Open"]
[Site "Amsterdam NED"]
[Date "2004.07.23"]
[Round "7"]
[White "Pliester,L"]
[Black "Spaan,T"]
[Result "1-0"]
[WhiteElo "2389"]
[BlackElo "2305"]

1.d4 Nf6 2.c4 g6 3.Nc3 Bg7 4.e4 O-O 5.Be2 d6 6.Nf3 e5 7.O-O Nc6 8.d5 Ne7
9.a4 Nh5 10.a5 Nf4 11.Bxf4 exf4 12.Qd2 Bh6 13.Rfe1 g5 14.e5 g4 15.exd6 Nf5
16.dxc7 Qf6 17.d6 gxf3 18.Bxf3 Qxd6 19.Qxd6 Nxd6 20.c5 Ne8 21.a6 Nxc7 22.axb7 Bxb7
23.Bxb7 Rae8 24.Kf1 Rxe1+ 25.Rxe1 Rb8 26.c6 Kf8 27.Rd1 Bg7 28.Rd7 Be5 29.Ne4 Ne6
30.b4 Ke8 31.Nd6+ Bxd6 32.Rxd6  1-0

[Event "IM"]
[Site "Balatonlelle HUN"]
[Date "2004.07.23"]
[Round "5"]
[White "Berczes,D"]
[Black "Schaufelberger,H"]
[Result "0-1"]
[WhiteElo "2351"]
[BlackElo "2282"]

1.d4 Nf6 2.c4 g6 3.Nc3 Bg7 4.e4 d6 5.Be2 O-O 6.Nf3 e5 7.O-O Nc6 8.d5 Ne7
9.Bg5 Nh5 10.Ne1 Nf4 11.Nd3 Nxe2+ 12.Qxe2 h6 13.Be3 f5 14.f3 g5 15.c5 Ng6
16.Rfc1 Rf7 17.cxd6 cxd6 18.a4 Nf4 19.Qd1 Nxd3 20.Qxd3 g4 21.fxg4 f4 22.Bf2 Bxg4
23.h3 Bh5 24.Rc2 a6 25.Kh2 Kh7 26.b4 Bf6 27.a5 Bh4 28.Qd2 Qg5 29.Qe1 Bxf2
30.Qxf2 Rc8 31.Rac1 Bg6 32.Nd1 Rxc2 33.Qxc2 Qg3+ 34.Kg1 f3 35.Qf2 Qg5 36.Rc4 fxg2
37.Qxg2 Qh4 38.Nf2 Bh5 39.Kf1 Qf4 40.Rc3 Bf3 41.Qg1 Rg7  0-1

[Event "ACT Open"]
[Site "Amsterdam NED"]
[Date "2004.07.24"]
[Round "8"]
[White "Chuchelov,V"]
[Black "Van Delft,M"]
[Result "1-0"]
[WhiteElo "2574"]
[BlackElo "2389"]

1.Nf3 Nf6 2.c4 g6 3.Nc3 Bg7 4.e4 d6 5.d4 O-O 6.Be2 e5 7.O-O Nc6 8.d5 Ne7
9.Nd2 a5 10.a3 Nd7 11.Rb1 f5 12.b4 Kh8 13.f3 Ng8 14.Qc2 axb4 15.axb4 Ndf6
16.c5 Nh5 17.Nc4 Nf4 18.Be3 fxe4 19.fxe4 Nh6 20.Kh1 Bg4 21.Bf3 Qe7 22.Qd2 Bxf3
23.Rxf3 Ng4 24.Bg1 Bh6 25.Qd1 Qg5 26.Rg3  1-0

[Event "ch-SCCF State"]
[Site "Los Angeles USA"]
[Date "2004.07.24"]
[Round "5"]
[White "Casella,M"]
[Black "West,V"]
[Result "1-0"]
[WhiteElo "2277"]
[BlackElo "2097"]

1.d4 Nf6 2.c4 g6 3.Nc3 Bg7 4.e4 d6 5.Nf3 O-O 6.Be2 e5 7.O-O Nc6 8.d5 Ne7
9.b4 Nh5 10.Re1 f5 11.Ng5 Nf6 12.Bf3 c6 13.Bb2 h6 14.Ne6 Bxe6 15.dxe6 fxe4
16.Nxe4 Nxe4 17.Rxe4 Nf5 18.b5 Qf6 19.bxc6 bxc6 20.Re2 Rac8 21.Qa4 Ne7 22.c5 Qxe6
23.cxd6 Qxd6 24.Rd1 Qc7 25.Rde1 Rf5 26.Bg4 Rcf8 27.Bxf5 Rxf5 28.Rc1 Kh7 29.Ba3 Rf4
30.Re4 Nd5 31.Bc5 Qb7 32.Rxf4 Nxf4 33.Qc2 Qb5 34.a4 Qa6 35.Qc4 Qa5 36.Be3 h5
37.Bxf4 exf4 38.Qxf4 c5 39.h3 Bd4 40.Rb1 Qa6 41.Qf7+ Kh6 42.Rb7 h4 43.Rd7 Be5
44.f4 Bd4+ 45.Kh2  1-0

[Event "Politiken Cup"]
[Site "Copenhagen DEN"]
[Date "2004.07.25"]
[Round "2"]
[White "Brondum,E"]
[Black "Hansen,Cu"]
[Result "0-1"]
[WhiteElo "2209"]
[BlackElo "2635"]

1.d4 Nf6 2.c4 g6 3.Nc3 Bg7 4.e4 d6 5.Nf3 O-O 6.Be2 e5 7.O-O Nc6 8.d5 Ne7
9.b4 Nh5 10.Re1 f5 11.Ng5 Nf6 12.Bf3 c6 13.Be3 Kh8 14.Qb3 h6 15.Ne6 Bxe6
16.dxe6 fxe4 17.Nxe4 Nxe4 18.Bxe4 Qc8 19.b5 Qxe6 20.Rad1 a6 21.a4 axb5 22.axb5 Rfd8
23.Re2 Rac8 24.Red2 Nf5 25.Bb6 Rd7 26.bxc6 bxc6 27.Qc2 Kh7 28.Qa4 d5 29.h4 Rb7
30.cxd5 cxd5 31.Bxd5 Qxb6 32.Bxb7 Qxb7 33.Rd7 Rc7 34.h5 gxh5 35.Rxc7 Qxc7
36.Qe4 Qc8 37.g3 Qe6 38.Rc1 Qg6 39.Rc6 Qg4  0-1

[Event "Politiken Cup"]
[Site "Copenhagen DEN"]
[Date "2004.07.25"]
[Round "3"]
[White "Malmberg,M"]
[Black "Ziska,A"]
[Result "1-0"]
[WhiteElo "2114"]
[BlackElo "1804"]

1.d4 Nf6 2.c4 d6 3.Nf3 g6 4.Nc3 Bg7 5.e4 O-O 6.Be2 e5 7.O-O Nc6 8.Be3 exd4
9.Nxd4 Re8 10.Nxc6 bxc6 11.Bf3 Nd7 12.Qd2 Ba6 13.b3 Bb7 14.Rac1 Qe7 15.Rfe1 Qf8
16.b4 Red8 17.a3 h5 18.Bg5 f6 19.Be3 Kh7 20.Qc2 Ne5 21.Be2 Bc8 22.h3 Be6
23.Nd1 c5 24.f4 Nc6 25.Bf3 Rab8 26.b5 Nd4 27.Bxd4 cxd4 28.f5 Bf7 29.Qd3 Bh6
30.Rc2 Bf4 31.Qxd4 Be5 32.Qxa7 Qg7 33.Nf2 gxf5 34.Nd3 Qg3 35.Qxc7 Rf8 36.Nxe5 Qxe1+
37.Kh2 fxe5 38.Re2 Qh4 39.exf5 Qd8 40.Qa7 Qb6 41.Qe7 Qd8 42.Qa7 Kh6 43.Be4 Qf6
44.Rc2 h4 45.a4 Qg5 46.Qf2 Rfc8 47.Qe2 Bh5 48.Qd3 Qf4+ 49.Kh1 Rd8 50.a5 Bf7
51.b6 Kg5 52.Kg1 d5 53.cxd5 Rbc8 54.b7 Rxc2 55.Qxc2 Bxd5 56.Bxd5 Qd4+ 57.Qf2 Qxd5
58.a6 Qa5 59.a7 Qa1+ 60.Kh2 Rd1 61.Qe3+ Kh5 62.Qf3+ Kh6 63.Qxd1  1-0

[Event "Politiken Cup"]
[Site "Copenhagen DEN"]
[Date "2004.07.26"]
[Round "4"]
[White "Brondum,E"]
[Black "Svanholm,B"]
[Result "1-0"]
[WhiteElo "2209"]
[BlackElo "2052"]

1.d4 Nf6 2.Nf3 g6 3.c4 Bg7 4.Nc3 d6 5.e4 O-O 6.Be2 e5 7.O-O Nc6 8.d5 Ne7
9.b4 Nh5 10.Re1 f5 11.Ng5 Nf6 12.Bf3 c6 13.Be3 h6 14.Ne6 Bxe6 15.dxe6 g5
16.exf5 Nxf5 17.b5 Qc7 18.bxc6 bxc6 19.Rb1 Nxe3 20.Rxe3 Rfe8 21.Qa4 Rac8
22.Qa6 Re7 23.Ne4 Nxe4 24.Bxe4 Rb8 25.Rxb8+ Qxb8 26.Rb3 Qf8 27.Qxc6 Qd8 28.Rd3 Rc7
29.Rxd6 Qc8 30.e7 Rxc6 31.Rd8+  1-0

[Event "Open"]
[Site "Balatonlelle HUN"]
[Date "2004.07.27"]
[Round "9"]
[White "Mueller,Le"]
[Black "Martini,B"]
[Result "1/2-1/2"]
[WhiteElo "2198"]
[BlackElo "2311"]

1.d4 Nf6 2.c4 g6 3.Nc3 Bg7 4.e4 d6 5.Nf3 O-O 6.Be2 e5 7.O-O Nc6 8.d5 Ne7
9.Nd2 Ne8 10.b4 f5 11.c5 Nf6 12.f3 f4 13.Nc4 h5 14.Ba3 g5 15.b5 Ne8 16.b6 axb6
17.cxb6 Rf6 18.bxc7 Qxc7 19.Qb3 g4 20.Rab1 gxf3 21.Bxf3 Rh6 22.Nb6 Rb8 23.Nxc8 Qxc8
24.Nb5 Bf8 25.Na7 Qc7 26.Rfc1 Qa5 27.Nc6 bxc6 28.Qxb8 Qxa3 29.Qxe8 cxd5 30.exd5 e4
31.Bxh5 Rf6 32.Rf1 Qxa2 33.Rb7 f3 34.gxf3 exf3 35.Rxf3 Qa1+ 36.Kg2 Qa2+ 37.Kh3 Rxf3+
38.Bxf3 Qf2 39.Qh5 Qf1+ 40.Bg2 Qd3+ 41.Bf3 Qf1+ 42.Bg2 Qd3+ 43.Bf3  1/2-1/2

[Event "MTO"]
[Site "Biel SUI"]
[Date "2004.07.28"]
[Round "9"]
[White "Huhndorf,A"]
[Black "Cebalo,M"]
[Result "1/2-1/2"]
[WhiteElo "2289"]
[BlackElo "2527"]

1.d4 Nf6 2.c4 g6 3.Nc3 Bg7 4.e4 d6 5.Be2 O-O 6.Nf3 e5 7.O-O Nc6 8.d5 Ne7
9.Ne1 Nd7 10.Be3 f5 11.f3 f4 12.Bf2 g5 13.a4 a5 14.Nd3 b6 15.b4 axb4 16.Nxb4 Nf6
17.Be1 Rf7 18.Nd3 Bf8 19.Nf2 h5 20.h3 Rg7 21.Nb5 c6 22.dxc6 Nxc6 23.Ra2 Be6
24.Bc3 Qd7 25.Rd2 Rd8 26.a5 g4 27.hxg4 hxg4 28.fxg4 Qb7 29.Nxd6 Qb8 30.Nf5 Rxd2
31.Qxd2 Rd7 32.Qb2 Bc5 33.Bf3 Bxc4 34.Be2 Be6 35.Bb5 bxa5 36.Bxc6 Qxb2 37.Bxb2 Rd2
38.Bxe5 Nxg4 39.Nh6+ Nxh6 40.Bxf4 Rxf2 41.Rxf2 Ng4 42.Bg3 Bb3 43.Kf1  1/2-1/2

[Event "Politiken Cup"]
[Site "Copenhagen DEN"]
[Date "2004.07.28"]
[Round "6"]
[White "Jensen,So"]
[Black "Pedersen,Stee"]
[Result "0-1"]
[WhiteElo "2090"]
[BlackElo "1954"]

1.d4 Nf6 2.c4 g6 3.Nc3 Bg7 4.e4 d6 5.Nf3 O-O 6.Be2 e5 7.O-O Nc6 8.d5 Ne7
9.b4 Nh5 10.Re1 f5 11.Ng5 Nf6 12.Bf3 h6 13.Ne6 Bxe6 14.dxe6 f4 15.Qb3 Rb8
16.Ba3 g5 17.c5 dxc5 18.bxc5 c6 19.Rad1 Qe8 20.Be2 g4 21.f3 h5 22.Na4 Kh8
23.Bb2 Ng6 24.Rd6 Qe7 25.Red1 gxf3 26.gxf3 h4 27.Kh1 Nh5 28.Rd7 Qg5 29.Rg1 Ng3+
30.hxg3 hxg3 31.Kg2 Nh4+ 32.Kf1 g2+ 33.Ke1 Qg3+ 34.Kd2 Qf2 35.Qd1 Nxf3+ 36.Kc1 Nxg1
37.Bc4 Ne2+  0-1

[Event "7th Open"]
[Site "Korinthos GRE"]
[Date "2004.07.29"]
[Round "9"]
[White "Shneider,A"]
[Black "Markidis,K"]
[Result "1-0"]
[WhiteElo "2532"]
[BlackElo "2381"]

1.d4 Nf6 2.c4 g6 3.Nc3 Bg7 4.e4 d6 5.Be2 O-O 6.Nf3 e5 7.O-O Nc6 8.d5 Ne7
9.Nd2 a5 10.a3 Bd7 11.b3 c6 12.Bb2 Qb6 13.dxc6 bxc6 14.Na4 Qc7 15.c5 d5 16.Nb6 Rad8
17.Bc3 Nxe4 18.Nxe4 dxe4 19.Bxa5 Nf5 20.Nc4 Qb8 21.Bxd8 Rxd8 22.Nd6 Nd4 23.Bc4 Rf8
24.b4 h5 25.Qb1 Kh7 26.Nxf7 Rxf7 27.Bxf7 Bf5 28.Bc4 Qd8 29.Qe1 Bh6 30.Kh1 Bf4
31.f3 exf3 32.gxf3 Qe7 33.Rd1 Nc2 34.Qe2 Ne3 35.Bd3 Qh4 36.Bxf5 Nxf5 37.Rg1 Nd4
38.Qg2 g5 39.Rd3 Kg7 40.a4 Nf5 41.Rgd1 g4 42.fxg4 hxg4 43.Rf1 g3 44.Kg1 Qg5
45.hxg3 Nxg3 46.Rff3 Ne2+ 47.Kf1 Qxg2+ 48.Kxg2  1-0

[Event "Politiken Cup"]
[Site "Copenhagen DEN"]
[Date "2004.07.31"]
[Round "9"]
[White "Malmberg,M"]
[Black "Brasoy,A"]
[Result "1-0"]
[WhiteElo "2114"]
[BlackElo "2004"]

1.d4 Nf6 2.Nf3 g6 3.c4 Bg7 4.Nc3 O-O 5.e4 d6 6.Be2 e5 7.O-O Nc6 8.Be3 Ng4
9.Bg5 f6 10.Bc1 f5 11.Bg5 Qe8 12.d5 Ne7 13.Nh4 Nf6 14.Nb5 Nxe4 15.Nxc7 Qf7
16.Nxa8 Nxg5 17.Nc7 e4 18.f4 exf3 19.Nxf3 Nxf3+ 20.Bxf3 Bxb2 21.Rb1 Qf6 22.Ne6 Re8
23.Nc7 Rd8 24.Ne6 Re8 25.Qa4 Bd4+ 26.Kh1 Kf7 27.Nxd4 Qxd4 28.Rfd1 Qf2 29.Re1 Rf8
30.Re2 Qc5 31.Rbe1 Ng8 32.Re8 Nf6 33.R8e7+ Kg8 34.Qd1 Qxc4 35.Qd2 Qh4 36.g3 Qh3
37.Qc3 f4 38.Bg2 Qh6 39.gxf4 Qxf4 40.Rf1 Qh4 41.Qc7 Bf5 42.Qxd6 Ng4 43.Re2 Rd8
44.Qf4 Rd7 45.h3 Qh5 46.Rfe1 Nf6 47.Kh2 Kf7 48.d6 Kf8 49.Re7 a5 50.Rxd7 Nxd7
51.Qd4  1-0

[Event "Skanska Open"]
[Site "Pardubice CZE"]
[Date "2004.07.31"]
[Round "9"]
[White "Babula,V"]
[Black "Schebler,G"]
[Result "0-1"]
[WhiteElo "2569"]
[BlackElo "2463"]

1.d4 Nf6 2.c4 g6 3.Nc3 Bg7 4.e4 d6 5.Nf3 O-O 6.Be2 e5 7.O-O Nc6 8.d5 Ne7
9.Nd2 a5 10.a3 Bd7 11.b3 c6 12.Bb2 c5 13.Nb5 Bxb5 14.cxb5 Nd7 15.Bc3 Nb6
16.Bd3 Bh6 17.Qe1 a4 18.b4 cxb4 19.Bxb4 f5 20.f3 Qd7 21.Rc1 fxe4 22.fxe4 Rxf1+
23.Bxf1 Rf8 24.Rc3 Kg7 25.Nf3 Rc8 26.Qf2 Rxc3 27.Bxc3 Nec8 28.Bb4 Kg8 29.g3 Qc7
30.Bh3 Qc1+ 31.Kg2 Be3 32.Be6+ Kg7 33.Qf1 Qxf1+ 34.Kxf1 Kf6 35.Nd2 Na7 36.Ke2 Bc5
37.Ba5 Nxb5 38.Bxb6 Bxb6 39.Nc4 Bc5 40.Bd7 Nd4+ 41.Kd3 b5 42.Ne3 Ke7 43.Bg4 Bxa3
44.Nc2 Bc5  0-1

[Event "9th Open"]
[Site "Creon FRA"]
[Date "2004.08.05"]
[Round "6"]
[White "Grigore,Ge"]
[Black "Nevednichy,V"]
[Result "0-1"]
[WhiteElo "2507"]
[BlackElo "2538"]

1.d4 g6 2.c4 Bg7 3.Nf3 Nf6 4.Nc3 O-O 5.e4 d6 6.Be2 e5 7.O-O Nc6 8.d5 Ne7
9.a4 a5 10.Ne1 Nd7 11.Be3 f5 12.f3 f4 13.Bf2 b6 14.Nd3 g5 15.b4 axb4 16.Nxb4 Nf6
17.Nd3 h5 18.h3 Ng6 19.Be1 Rf7 20.Nf2 Bf8 21.a5 bxa5 22.Nb5 a4 23.Rxa4 Rxa4
24.Qxa4 g4 25.fxg4 hxg4 26.Nxg4 Nxg4 27.Bxg4 Bxg4 28.hxg4 Qg5 29.Qd1 Rh7
30.Qf3 Qh6 31.Qh3 Qg5 32.Qf3 Qh6 33.Qh3 Qxh3 34.gxh3 Rxh3 35.Ba5 Nh4 36.Be1 Nf3+
37.Kg2 Ng5 38.Nxc7 f3+ 39.Kg1 Nxe4 40.Ne6 Be7 41.Bf2 Nc3 42.Be1 Ne4 43.Bf2 Kf7
44.Ra1 Bh4 45.Ra7+ Kf6 46.Bxh4+ Rxh4 47.g5+ Nxg5 48.Nxg5 Kxg5 49.c5 dxc5
50.Kf2 Kf4 51.d6 Rh2+ 52.Ke1 Rh6 53.d7 Rd6  0-1

[Event "Open Dutch Champ"]
[Site "Dieren NED"]
[Date "2004.08.05"]
[Round "9"]
[White "Savchenko,S"]
[Black "Wustefeld,E"]
[Result "1-0"]
[WhiteElo "2521"]
[BlackElo "2335"]

1.d4 Nf6 2.c4 g6 3.Nc3 Bg7 4.e4 d6 5.Nf3 O-O 6.Be2 e5 7.O-O Nc6 8.d5 Ne7
9.b4 a5 10.Ba3 axb4 11.Bxb4 b6 12.a4 Ne8 13.Nb5 Bd7 14.a5 c5 15.Bc3 bxa5
16.Qd2 a4 17.Qc2 f5 18.Nd2 Bh6 19.Rxa4 Rxa4 20.Qxa4 Nc8 21.Qc2 Nf6 22.exf5 gxf5
23.Bd3 Nh5 24.g3 Qe8 25.Re1 Qg6 26.Bf1 Nf6 27.Bg2 Ng4 28.Nc7 e4 29.Nf1 Bg7
30.f3 exf3 31.Bxf3 Ne5 32.Bxe5 Bxe5 33.Ne6 Re8 34.Kh1 Kh8 35.Ne3 Ne7 36.Ng2 Bxe6
37.Nf4 Qh6 38.Nxe6 Qf6 39.Rf1 Rb8 40.Rb1 Rg8 41.Qd2 Ng6 42.Qh6 Nf8 43.Qxf6+ Bxf6
44.Rb7 Nxe6 45.dxe6 Re8 46.Bd5 Re7 47.Rb8+ Kg7 48.Kg2 Kg6 49.Rg8+ Rg7 50.Ra8 Be5
51.Kf3 Kf6 52.Rf8+ Kg6 53.Bc6 Bf6 54.Be8+  1-0

[Event "Open"]
[Site "Kavala GRE"]
[Date "2004.08.06"]
[Round "8"]
[White "Kouvatsos,F"]
[Black "Dembo,Y"]
[Result "0-1"]
[WhiteElo "2074"]
[BlackElo "2423"]

1.d4 Nf6 2.c4 g6 3.Nc3 Bg7 4.e4 d6 5.Nf3 O-O 6.Be2 e5 7.O-O Nc6 8.d5 Ne7
9.Ne1 Nd7 10.Be3 f5 11.f3 f4 12.Bf2 g5 13.Rc1 Rf6 14.c5 a6 15.c6 bxc6 16.dxc6 Nf8
17.Bc4+ Kh8 18.Nd5 Nxd5 19.Bxd5 Qe8 20.Nd3 Qh5 21.Kh1 g4 22.Bg1 g3 23.b4 Rh6
24.a4 Qg5 25.Nf2 gxf2 26.Rxf2 Ne6 27.Rb2 Nd4 28.b5 axb5 29.axb5 Rb8 30.Qa4 Be6
31.Qa7 Rc8 32.b6 cxb6 33.c7 Bxd5 34.exd5 Nf5 35.Bxb6 Ng3+ 36.Kg1 Rxh2 37.Qb8 Rh1+
38.Kf2 Ne4+ 39.fxe4 Qg3+ 40.Ke2 Qxg2+ 41.Bf2 Qxe4+ 42.Kd2 Qxd5+ 43.Ke2 f3+  0-1

[Event "ch-Arab"]
[Site "Dubai UAE"]
[Date "2004.08.11"]
[Round "9"]
[White "Bouaziz,S"]
[Black "Ihsan,J"]
[Result "1/2-1/2"]
[WhiteElo "2352"]
[BlackElo "2195"]

1.Nf3 Nf6 2.d4 g6 3.c4 Bg7 4.Nc3 O-O 5.e4 d6 6.Be2 e5 7.O-O Nc6 8.d5 Ne7
9.Ne1 Nd7 10.f3 f5 11.g4 Kh8 12.Be3 Ng8 13.Ng2 a5 14.Qd2 b6 15.Rab1 Nc5 16.gxf5 gxf5
17.Kh1 Bf6 18.Rg1 f4 19.Bf2 Nh6 20.Bxc5 bxc5 21.Nd1 Nf7 22.Nf2 Ng5 23.Ne1 Qe8
24.Rg2  1/2-1/2